[Event "Avoine op 27th"]
[Site "Avoine"]
[Date "2012.07.25"]
[Round "5"]
[White "Navrotescu, Andreea Cristiana"]
[Black "Dorval, Olivier"]
[Result "1-0"]
[WhiteElo "2100"]
[BlackElo "1890"]
[PlyCount "79"]
[EventDate "2012.07.21"]
[EventType "swiss"]
[EventRounds "9"]
[EventCountry "FRA"]
[SourceTitle "CBM 149 Extra"]
[Source "ChessBase"]
[SourceDate "2012.08.24"]
[SourceVersion "1"]
[SourceVersionDate "2012.08.24"]
[SourceQuality "1"]

1. d4 f5 2. Nf3 Nf6 3. g3 e6 4. Bg2 d5 5. 0-0 Bd6 6. c4 c6 7. Nc3 0-0 8. Qc2 Ne4 9. Bf4 Bxf4 10. gxf4 Nd7 11. b4 Ndf6 12. Ne5 Nxc3 13. Qxc3 Ng4 14. a4 Nxe5 15. dxe5 Qh4 16. e3 g5 17. cxd5 exd5 18. b5 Bd7 19. bxc6 bxc6 20. e6 Be8 21. Rab1 g4 22. Rb7 Qf6 23. Qd4 Qxd4 24. exd4 Rf6 25. Re1 h5 26. a5 h4 27. a6 Rg6 28. Re5 g3 29. fxg3 hxg3 30. hxg3 Rxg3 31. Rxf5 Bg6 32. Rg5 Rxg5 33. fxg5 Bd3 34. Bf1 Bxf1 35. Kxf1 Re8 36. e7 Kf7 37. Rxa7 Kg6 38. Rb7 Kxg5 39. a7 Ra8 40. Rb8 1-0

[Event "Syre Memorial op 33th"]
[Site "Issy les Moulineaux"]
[Date "2010.05.15"]
[Round "3"]
[White "Chandesris, Ludovic"]
[Black "Dorval, Olivier"]
[Result "1-0"]
[WhiteElo "2100"]
[BlackElo "1842"]
[PlyCount "55"]
[EventDate "2010.05.13"]
[EventType "swiss"]
[EventRounds "6"]
[EventCountry "FRA"]
[SourceTitle "EXT 2011"]
[Source "ChessBase"]
[SourceDate "2010.11.26"]
[SourceVersion "1"]
[SourceVersionDate "2010.11.26"]
[SourceQuality "1"]

1. e4 b6 2. d4 Bb7 3. Nd2 Nf6 4. e5 Ne4 5. Nb3 e6 6. Ne2 c5 7. f3 c4 8. Nd2 Nxd2 9. Bxd2 Qh4+ 10. g3 Qh5 11. Bg2 Bxf3 12. Nf4 Bxd1 13. Nxh5 Bxh5 14. Bxa8 Nc6 15. c3 Bf3 16. Rf1 Bd5 17. Bxc6 dxc6 18. Rf4 Be7 19. 0-0-0 Bg5 20. Rf2 Bxd2+ 21. Kxd2 a5 22. Rdf1 0-0 23. Ke3 a4 24. g4 b5 25. h4 h6 26. h5 a3 27. bxa3 Ra8 28. Rxf7 1-0

[Event "Champigny sur Marne op"]
[Site "Champigny sur Marne"]
[Date "2005.03.??"]
[Round "6"]
[White "Dorval, Olivier"]
[Black "Federici, Laurent"]
[Result "0-1"]
[WhiteElo "1890"]
[BlackElo "1810"]
[PlyCount "60"]
[EventDate "2005.03.??"]
[EventType "swiss"]
[EventRounds "7"]
[EventCountry "FRA"]
[SourceTitle "EXT 2007"]
[Source "ChessBase"]
[SourceDate "2006.11.23"]
[SourceVersion "1"]
[SourceVersionDate "2006.11.23"]
[SourceQuality "1"]

1. e4 c5 2. d4 cxd4 3. c3 dxc3 4. Nxc3 Nc6 5. Bc4 e6 6. Nf3 a6 7. Be3 Qc7 8. 0-0 Bd6 9. Qe2 Nge7 10. Rfd1 0-0 11. Rac1 Ng6 12. Na4 b5 13. Nb6 Rb8 14. Bb3 Bf4 15. Nxc8 Rbxc8 16. Bxf4 Nxf4 17. Qd2 Rfd8 18. Nd4 Ng6 19. a4 Qb6 20. Nxc6 dxc6 21. Qc3 Rxd1+ 22. Rxd1 c5 23. e5 c4 24. Rd6 Qc5 25. Bc2 Nxe5 26. Rxa6 b4 27. Qd2 Nc6 28. Be4 Nd4 29. Kf1 c3 30. Qd3 c2 0-1

[Event "Champigny sur Marne op"]
[Site "Champigny sur Marne"]
[Date "2005.03.??"]
[Round "1"]
[White "El Farihi, Mohsine"]
[Black "Dorval, Olivier"]
[Result "1-0"]
[WhiteElo "2230"]
[BlackElo "1890"]
[PlyCount "51"]
[EventDate "2005.03.??"]
[EventType "swiss"]
[EventRounds "7"]
[EventCountry "FRA"]
[SourceTitle "EXT 2007"]
[Source "ChessBase"]
[SourceDate "2006.11.23"]
[SourceVersion "1"]
[SourceVersionDate "2006.11.23"]
[SourceQuality "1"]

1. d4 d5 2. Nf3 c6 3. Bf4 Nf6 4. e3 Bf5 5. Be2 e6 6. 0-0 Nbd7 7. Nbd2 Nh5 8. Bg3 Nxg3 9. hxg3 Bd6 10. c4 a6 11. Re1 b5 12. cxb5 cxb5 13. Rc1 Nb6 14. Bf1 Nc4 15. Bxc4 bxc4 16. e4 dxe4 17. Nxe4 Bxe4 18. Rxe4 Rc8 19. Qa4+ Qd7 20. Rxc4 Rxc4 21. Qxc4 Qb7 22. d5 e5 23. Nxe5 0-0 24. b3 Bxe5 25. Rxe5 Rc8 26. d6 1-0